| 000 | 00899cam a2200229 a 4500 | ||
|---|---|---|---|
| 001 | 000005761 | ||
| 005 | 20200929151756.0 | ||
| 008 | 760122m19651967uy b 000 0 spa | ||
| 040 |
_aDO-SdBNP _bspa _cBNPHU |
||
| 082 |
_a989.502 _bB352h |
||
| 100 | 1 |
_aBauza, Francisco, _d1849-1899. _916267 |
|
| 245 | 1 | 0 |
_aHistoria de la dominacion española en el Uruguay / _cFrancisco Bauza ; estudio preliminar de Juan E. Pivel Devoto. |
| 260 |
_aMontevideo, Uruguay : _b[Ministerio de Instrucción Pública y Previsión Social], _c1965. |
||
| 300 |
_a6 v. ; _c20 cm. |
||
| 490 | 1 | _aBiblioteca artigas ; | |
| 490 | 1 |
_aClásicos uruguayos ; _v95/100 |
|
| 651 | 4 |
_aUruguay _xHistoria _916314 |
|
| 651 | 4 |
_aUruguay _xHistoria _yDESCUBRIMIENTO Y CONQUISTA, 1516-1724 _916315 |
|
| 700 | 1 |
_aPivel Devoto, Juan E. _916316 |
|
| 830 | 0 |
_aBiblioteca artigas ; _n95/100 _916317 |
|
| 830 | 0 |
_aClásicos uruguayos ; _n95/100 _916318 |
|
| 999 |
_c5557 _d5557 |
||